000 00557cam a22001577a 4500
008 180718b2001 xxu||||| |||| 00| 0 eng d
020 _a817033649X
082 _aBA27x54 H761
100 _aHooda, Sagar Preet
245 _aContesting reservations: the Indian experiment on affirmative action
_cby Sagar Preet Hooda
260 _aJaipur
_bRawat
_c2001
300 _a236p.
650 _aMinorities --Government policy --India.
650 _aAffirmative action programs --Government policy --India
650 _aRace discrimination --Government policy --India
999 _c396147
_d396147